[Event "EU-Cup 18th"]
[Site "Kallithea"]
[Date "2002.09.25"]
[Round "4.4"]
[White "Movsesian, Sergei"]
[Black "Ivanov, Sergey"]
[Result "1/2-1/2"]
[WhiteElo "2654"]
[BlackElo "2561"]
[Annotator "Psakhis,L"]
[PlyCount "87"]
[EventDate "2002.09.22"]
[EventType "team-swiss"]
[EventRounds "7"]
[EventCountry "GRE"]
[SourceTitle "CBM 092"]
[Source "ChessBase"]
[SourceDate "2003.02.06"]
[SourceVersion "1"]
[SourceVersionDate "2003.02.06"]
[SourceQuality "1"]
[WhiteTeam "Sarajevo Bosna"]
[BlackTeam "St Petersburg"]
[WhiteTeamCountry "BIH"]
[BlackTeamCountry "RUS"]

1. e4 e6 2. d4 d5 3. e5 c5 4. c3 Qb6 5. Nf3 Nc6 6. Be2 ({I have feeling that} 
6. a3 {produced bigger problems for black.}) 6... cxd4 7. cxd4 Nh6 $5 8. Bd3 $5
({According to all accounts Black is doing very well after} 8. Bxh6 Qxb2 $1 9.
Nbd2 gxh6 10. O-O Nxd4 $17) (8. Na3 Bxa3 9. bxa3 Nf5 10. Be3 Qa5+ 11. Qd2 Qxa3
12. O-O O-O 13. g4 Nxe3 14. fxe3 Bd7 $15 {0-1 Bravo Barranco,N-Barria,D/
Barbera op 2000/EXT 2003 (23)}) 8... Bd7 (8... Nf5 9. Bxf5 exf5 10. Nc3 Be6 11.
Ne2 h6 12. h4 O-O-O 13. Kf1 Kb8 14. Kg1 Be7 $13 {1/2-1/2 Benjamin,J-Shaked,T/
Kona 73/313 1998/Inf 73 (43)}) 9. Nc3 (9. Bc2 Nf5 10. Bxf5 exf5 11. Nc3 Be6 {
leads with transpositions of the moves to the previous line.}) 9... Nxd4 10.
O-O $146 (10. Nxd4 Qxd4 11. O-O Ng4 12. Nb5 Qb6 13. Qxg4 Bxb5 14. Be3 Qa6 15.
Bxb5+ Qxb5 16. Rac1 g6 17. Qf4 Bg7 {1-0 Waldschmidt,G-Grewe,L/VL Gr2
Ruhrgebiet 1998/ (28)}) 10... Bc5 (10... Ng4 11. Nxd4 Qxd4 12. Nb5 $1 Qb6 13.
Qxg4 Bxb5 14. Be3 $44) 11. a4 {[%csl Rb3] I don't like this move, which just
weakens the b3 square.} (11. Rb1 $5) (11. Bxh6 $5 gxh6 12. Rc1) 11... Qb3 ({
Black could play already} 11... Nb3 {for example} 12. a5 Nxa5 $8 (12... Qb4 $2
13. Na2 Qa4 14. Bc2 $18) 13. Na4 Bxa4 14. Qxa4+ Nc6 15. Bxh6 gxh6 $13) 12. Qd2
(12. Be3 Qxd1 13. Rfxd1 Nxf3+ 14. gxf3 Bxe3 15. fxe3 f6 $17) 12... Nxf3+ 13.
gxf3 {Here White's pawn formation is seriously compromised on the kingside} Rc8
(13... O-O 14. Qe2) 14. Qe2 Nf5 15. Bc2 (15. Bxf5 exf5 {[%cal Gd5d4]} 16. Qd1
$1 Qb6 $5 (16... Qxd1 17. Rxd1 d4 18. Ne2 $15) 17. Nxd5 Qg6+ 18. Kh1 Bc6 19.
Be3 $1 $15) 15... Qc4 16. Bd3 Qb3 17. Bc2 Qc4 ({Worth considering} 17... Qb6 $5
18. Bxf5 $140 exf5 19. Nxd5 Qg6+ 20. Kh1 Bc6 $36) 18. Bd3 Qh4 $1 19. Bxf5 exf5
20. Nxd5 Bc6 21. Rd1 {[%csl Gd5]} (21. Nf4 g5 $5 22. Ng2 Qh5 23. Ne1 g4 $40)
21... Bxd5 $6 {Looks good, but} (21... Bxa4 22. b3 $1 Bc6 23. Be3 $44) ({
better chances for victory black could get after} 21... O-O $142 22. Be3 Rfd8
$5 23. Bxc5 Rxd5 $17 {and the white monarch is not protected well.}) 22. Rxd5
Bxf2+ 23. Kg2 (23. Qxf2 Rxc1+ 24. Rxc1 Qg5+ 25. Kh1 Qxc1+ 26. Kg2 O-O $15)
23... Bb6 24. a5 Rxc1 25. Rxc1 Qg5+ 26. Kh3 Qxc1 27. Qb5+ (27. axb6 $2 Qh6+ 28.
Kg2 Qg6+ $1 (28... Qxb6 29. e6 $1 fxe6 30. Qe5 O-O 31. Rd7 Rf7 32. Qb8+ Rf8 33.
Qe5 $11) 29. Kh3 Qxb6 30. e6 fxe6 31. Qe5 Qc6 $1) 27... Qc6 $8 28. axb6 axb6
29. Qxc6+ bxc6 30. Rd6 c5 31. Rxb6 Kd7 32. b4 $1 {Sergey Movsesian has as many
lives as a cat!} Re8 (32... c4 33. Rd6+ Ke7 34. Rc6) (32... cxb4 33. Kg3 $1 $15
) 33. bxc5 Rxe5 34. Rb7+ Ke6 35. Rb6+ Ke7 36. Rb7+ Kf6 37. Rb6+ Kg5 38. Rb7 Kf4
(38... Kg6 39. c6 Rc5 40. c7 Kf6 41. Kg3 $15) 39. Rxf7 g5 (39... Rxc5 $5 40.
Rxg7 Kxf3 41. Rg3+ (41. Rxh7 f4) 41... Ke4 42. Ra3) 40. c6 h5 (40... Kxf3 $2
41. c7 Rc5 $140 $2 42. Rxf5+ $18) 41. c7 Rc5 42. Kg2 Rc2+ 43. Kf1 g4 (43... h4
44. Ke1) 44. fxg4 (44. fxg4 hxg4 45. Ke1 Ke4 46. Kd1 Rc6 47. Kd2 f4 48. Re7+
$11) 1/2-1/2

[Event "FRA-chT Top 16 GpA"]
[Site "Mulhouse"]
[Date "2005.02.04"]
[Round "1"]
[White "Schlosser, Philipp"]
[Black "Motwani, Paul"]
[Result "1/2-1/2"]
[WhiteElo "2570"]
[BlackElo "2543"]
[Annotator "Psakhis,L"]
[PlyCount "68"]
[EventDate "2005.02.04"]
[EventType "team"]
[EventRounds "7"]
[EventCountry "FRA"]
[SourceTitle "CBM 106"]
[Source "ChessBase"]
[SourceDate "2005.06.06"]
[SourceVersion "1"]
[SourceVersionDate "2005.06.06"]
[SourceQuality "1"]

1. e4 e6 2. d4 d5 3. e5 c5 4. c3 Nc6 5. Nf3 Bd7 6. Be2 Rc8 7. O-O a6 {A rare
but interesting and very tough line.} (7... cxd4 8. cxd4 Qb6 9. Nc3 Nge7 10.
Na4 Qd8 11. Bg5 h6 12. Nc5 Rc7 13. Bxe7 Bxe7 14. Rc1 O-O 15. a3 Na5 16. Nd2 b6
17. Na6 Rxc1 18. Qxc1 Qc8 $11 {0-1 Webb,L-Pein,M/BCF t-ch 2000/ (40)}) 8. Be3 (
8. g3 h6 9. h4 Qc7 10. h5 Nge7 11. Re1 cxd4 12. cxd4 Qb6 13. g4 g6 14. hxg6
Nxg6 15. Nc3 Rg8 16. Kh1 Be7 17. Rg1 Bg5 18. Rb1 Qd8 19. Be3 f6 20. exf6 Qxf6
21. Qd2 Nce7 22. Nxg5 hxg5 {Grischuk,A-Bareev,E/EUR-Cup Halkidiki 2002/ 1/2-1/
2 (55)}) (8. Nbd2 cxd4 9. cxd4 Nge7 (9... Qb6 10. Nb3 Nb4 11. Nc5 Bxc5 12. dxc5
Qxc5 13. Bd2 Nc6 14. b4 Qe7 15. a3 f6 16. exf6 Nxf6 17. Be3 e5 18. Bc5 Qe6 $132
{1/2-1/2 Petrenko,S-Zhukova,N/WchW KO Elista 2004/ (41)}) 10. Nb3 Ng6 11. Bd2
Be7 12. Rc1 O-O 13. Re1 a5 14. Bd3 a4 15. Na1 Qb6 16. Bc3 Na5 17. h4 h6 18. h5
Nf4 19. Bb1 Nc4 20. g3 Nxh5 21. Kg2 f5 22. exf6 Nxf6 $14 {0-1 Jonkman,
H-Zhukova,N/Wijk aan Zee Corus-C 2005/The Week in Chess 533 (41)}) (8. Kh1 $5
$146 {A new move. I found that Grischuk likes to make this move almost in
every game in the advance variation.} Nge7 (8... cxd4 $5 {In the next game
between the same players Radjabov chooses a different plan:} 9. cxd4 Nge7 10.
Nc3 Ng6 11. Bd3 Be7 12. Be3 O-O 13. Re1 Na5 14. Rc1 Nc4 15. Rc2 Nxe3 16. fxe3
b5 $13 {1-0 Grischuk,A-Radjabov,T/Dubai FIDE GP 2002/CBM 89/[Hecht] (58)}) 9.
dxc5 $1 Ng6 10. Be3 Ncxe5 11. Nxe5 Nxe5 12. b4 Be7 13. Nd2 {Maybe White's
advantage is not big , but stable. He has a strong pawn's chain on the << and
active pieces.} Nc6 14. f4 Bf6 15. Rc1 O-O ({Worth considering was} 15... Ne7
$5 {with the idea} 16. g4 O-O {[%cal Gd8e8,Gd7b5]}) 16. Nf3 Re8 $6 ({I think
that Black had to play} 16... Ne7 $5 {with two possible continuations:} 17. Nd4
(17. a4 Qe8 $1) 17... Bxd4 18. Bxd4 Bb5 19. Bxb5 axb5 20. Qd3 Qd7 21. Rce1 Ra8
$13) 17. a4 $1 Qc7 (17... a5 18. b5 Ne7 19. Ne5 $5 {[%csl Rd7]}) 18. Bd3 g6 19.
b5 axb5 20. axb5 Ne7 21. Bd4 $36 {1-0 Grischuk,A-Radjabov,T/Dubai FIDE GP 2002/
CBM 89/[Psakhis] (33) It became clear that White seized an initiative}) (8.
dxc5 Bxc5 9. Bf4 Nge7 10. Bd3 f5 11. exf6 (11. Nbd2 Ng6 12. Bg3 (12. Bg5 Qc7 {
[%csl Re5]}) 12... O-O 13. Nb3 Ba7 {[%csl Re5][%cal Rf5f4,Ga7b8]}) 11... gxf6
12. Nh4 (12. Nd4 Ng6 $5 13. Qh5 f5 (13... Kf7 $5 {[%csl Gd5,Ge6,Gf6]})) 12...
O-O 13. Qg4+ (13. Bh6 Rf7 14. Qh5 (14. Qg4+ Kh8 15. Qh5 Qg8 $13) 14... Ne5 15.
Be2 $13) 13... Kh8 14. Qh5 f5 15. b4 (15. Re1 Rg8 16. Bg5 (16. Nf3 Ng6 17. Bg5
(17. Ng5 Qe7) 17... Qf8 18. Nbd2 e5 {[%csl Gd5,Ge5,Gf5]}) 16... Qf8 $132 {
[%cal Gf8g7,Ge6e5]}) 15... Bb6 16. Nd2 Bc7 $13 {1/2-1/2 Oll,L-Ivanchuk,V/
Polanica Zdroj 1998/CBM 67/[Psakhis,L] (25)}) (8. a3 cxd4 (8... Nh6 9. Kh1 Nf5
10. b4 cxd4 11. cxd4 Be7 12. Bb2 g5 $5 13. g4 Nh6 14. h3 f6 15. exf6 Bxf6 16.
Nbd2 Nf7 $13 {0-1 Thipsay,P-Ehlvest,J/Groningen op 1997 (35) 0-1}) 9. cxd4 Nge7
10. Nc3 Nf5 11. g4 (11. Be3 Be7 12. Bd3 Nxe3 13. fxe3 O-O 14. Rf2 f6 15. Qc2 f5
16. Kh1 Qe8 17. Rg1 Qh5 18. Be2 Qh6 $13 {[%cal Gh6e3] 0-1 Ivanovic,B-Bareev,E/
Moscow 1993 (35)}) 11... Nh4 12. Nxh4 Qxh4 13. Be3 g5 14. Na4 h5 $132 15. gxh5
Nxe5 ({Deserves attention} 15... f5 $5 16. exf6 $140 $6 Bd6 {[%csl Gd6,Gh4]})
16. Nb6 (16. dxe5 $2 Bxa4 {leads to black favour}) 16... Nf3+ $1 17. Bxf3 Bd6
$15 {1/2-1/2 Xie Jun-Karpov,A/Guanzhou m 2000/CBM 77/[Psakhis,L] (38)}) (8. b3
Nge7 9. Bb2 Nf5 10. Bd3 cxd4 11. Bxf5 exf5 12. Nxd4 Be7 13. Re1 O-O 14. Qd3
Nxd4 15. cxd4 Qa5 $11 {1/2-1/2 Sveshnikov,E-Epishin,V/Alekhin mem.op 1992 (41)}
) (8. Re1 Nge7 (8... Nh6 9. dxc5 Bxc5 10. Bxh6 gxh6 11. Qd2 Qb6 12. Bd3 Bf8 13.
Qe2 Bg7 14. Nbd2 O-O 15. Nb3) 9. a3 Ng6 10. b4 cxd4 11. cxd4 Be7 12. Qd3 O-O
13. Nc3 f6 14. exf6 Bxf6 $11 {0-1 Grosar,K-Pitam,E/Dresden ztW 1998 (38)}) 8...
Qb6 $146 (8... cxd4 9. cxd4 Nge7 10. Nc3 Nf5 11. Bd3 Nxe3 12. fxe3 Be7 13. Rc1
O-O 14. Kh1 Kh8 15. Bb1 $14 {Thoren,P-Andraasson,I/SWE t-ch 0001 2001/ 1/2-1/2
(36)}) 9. dxc5 $5 Bxc5 {Avoiding the complications arising after} (9... Qxb2 $5
10. Nbd2 Qxc3 11. Rb1 $44 {with unclear game.}) 10. Bxc5 Qxc5 11. Nbd2 f6 (
11... Qb6 12. Nb3 $14) 12. Nb3 Qb6 13. c4 $1 {A very strong move, which gives
White the edge.} Nxe5 (13... fxe5 14. cxd5 exd5 15. Qxd5 Nf6 16. Qd6 Rd8 17.
Rae1 (17. Qc5 $5) 17... Bc8 18. Qa3 $36) 14. cxd5 Nh6 (14... Ne7 $5 15. Nxe5
fxe5 16. Bd3 $5 O-O (16... exd5 17. Qh5+ $16) 17. d6 Nf5 18. Qe2 Qxd6 19. Rad1
$36) 15. dxe6 (15. Nxe5 fxe5 16. Bh5+ g6 (16... Nf7 17. Bxf7+ Kxf7 18. Qh5+)
17. Qd2 $5 Nf7 18. Bf3 $14) 15... Bxe6 16. Nbd4 {White is ahead in development,
so his chances are better.} Nf5 (16... O-O 17. Nxe5 fxe5 (17... Rfd8 18. Nef3
Nf5 19. Nxe6 $1 Rxd1 20. Bxd1 Qxe6 21. Bb3 Rc4 22. Rfe1 $16) 18. Nxe6 Qxe6 19.
Bf3 $16) 17. Nxe6 ({Worth considering was} 17. Nxf5 $5 Bxf5 18. Nxe5 fxe5 19.
Qa4+ Bd7 (19... Qc6 20. Qb4 $36) 20. Qa3 {[%csl Re8] and playing for attack.})
17... Qxe6 18. Nxe5 {Despite the simplifications Black still did not solve all
problems.} fxe5 (18... Qxe5 $4 19. Re1 $18) 19. Bf3 (19. Rc1 $5 O-O (19... Rxc1
20. Qxc1 Nd6 21. Bd1 $1 {[%cal Rd1b3]}) 20. Rxc8 Rxc8 21. Bf3 $14) 19... Rd8
20. Qb3 (20. Qa4+ b5 21. Qa3 Nd4 22. Be4 Rd6 {[%cal Ge8g8]} (22... Qd6 23. Qh3)
23. Rae1 $14) 20... Qxb3 21. axb3 Rd7 22. Rfe1 Re7 23. Bd5 $6 {This natural
move allows Black to consolidate his position.} ({After} 23. Ra5 $142 $1 Nd4
24. Bh5+ g6 25. Raxe5 Rxe5 26. Rxe5+ Kf7 27. Rd5 $1 Re8 28. Kf1 Nxb3 29. Bd1
$36 {[%csl Gd1,Gd5] white's chances are clearly better.}) 23... Kd8 24. Rac1
Rhe8 {Black has protected his only weakness and the game heads towards a
peaceful conclusion.} 25. Be4 g6 $11 26. b4 Nd4 27. g3 Rc7 28. Kg2 (28. Rc5 $5)
28... Re6 (28... Rxc1 $5 29. Rxc1 Re7 {[%cal Ge7c7]}) 29. Rc5 b6 30. Rxc7 Kxc7
31. Ra1 b5 32. Rc1+ Kb6 33. Rc8 Nc6 34. Rh8 Re7 ({I think that Motwani could
play for a win without any risk after} 34... Re7 35. Bxc6 Kxc6 36. Kf3 Kd5 {
with chances for some advantage in endgame.}) 1/2-1/2

[Event "Hoogovens-B"]
[Site "Wijk aan Zee"]
[Date "1998.01.22"]
[Round "3"]
[White "Van der Wiel, John"]
[Black "Kuijf, Marinus"]
[Result "1/2-1/2"]
[WhiteElo "2525"]
[BlackElo "2460"]
[Annotator "Psakhis,L"]
[PlyCount "41"]
[EventDate "1998.01.20"]
[EventType "tourn"]
[EventRounds "11"]
[EventCountry "NED"]
[EventCategory "10"]
[SourceTitle "CBM 063"]
[Source "ChessBase"]
[SourceDate "1998.03.26"]
[SourceVersion "1"]
[SourceVersionDate "1998.03.26"]
[SourceQuality "1"]

1. e4 e6 2. d4 d5 3. e5 c5 4. c3 Nc6 5. Nf3 Qb6 6. a3 c4 7. Nbd2 Na5 8. g3 f5 {
N/ It,s funny but this natural move never was played before.} (8... h6 9. Nh4
Bd7 10. Ng2 O-O-O 11. Ne3 Ne7 12. Qf3 (12. Bg2 g6 13. O-O h5 14. h3 Bh6 15. Rb1
Rdf8 16. f4 Bc6 17. Rf2 Qd8 18. Qe2 Ba4 $11 {0-1 Malaniuk,V-Prandstetter,E/
Erevan 1984 (57)}) 12... Nf5 13. Be2 Be7 14. Nxf5 exf5 15. Qxd5 Be6 16. Qg2 g5
17. Qf1 Qc7 18. f4 gxf4 19. Qxf4 h5 $44 {1-0 Malaniuk,V-Kuzmin,G/Nikolaev zt
1995 (45)}) (8... Bd7 $5 9. h4 h5 10. Bh3 Nh6 11. Nf1 Nb3 12. Rb1 Nxc1 13. Qxc1
O-O-O 14. Ne3 Kb8 15. O-O Be7 16. Ng2 g6 17. Nf4 Ba4 18. Qd2 Rh7 19. Rbe1 Rdh8
$11 {1/2-1/2 Sveshnikov,E-Balashov,Y/Novgorod op 1995 (31)}) 9. exf6 (9. Bg2
Nh6 $5 {[%cal Gh6f7]}) 9... Nxf6 10. Bh3 {[%csl Re6][%cal Gh3e6] Pawn on e6 is
only weakness in black,s camp} Bd6 11. O-O O-O 12. Re1 Bc7 {[%cal Yc8d7,Ya8e8]}
13. Ne5 Bxe5 14. dxe5 ({Maybe stronger was} 14. Rxe5 $5 {but any case after}
Bd7 15. Qe2 Rae8 $13 {Black position is very stable}) 14... Nd7 {[%csl Rb3]
[%cal Yd7c5,Rb6f2]} 15. Nf3 Nb3 16. Be3 Ndc5 {[%csl Rd3]} 17. Rb1 Qc7 18. Bxc5
(18. Nd4 $5 Nxd4 19. Bxd4) 18... Qxc5 (18... Nxc5 19. Nd4 Qf7 20. f4 Nd3 21.
Rf1 $14) 19. Re3 Bd7 $11 20. Nd2 Nxd2 21. Qxd2 1/2-1/2

[Event "FRA-ch"]
[Site "Val d'Isere"]
[Date "2002.08.20"]
[Round "2"]
[White "Degraeve, Jean Marc"]
[Black "Bricard, Emmanuel"]
[Result "1/2-1/2"]
[WhiteElo "2586"]
[BlackElo "2454"]
[Annotator "Psakhis,L"]
[PlyCount "52"]
[EventDate "2002.08.19"]
[EventType "tourn"]
[EventRounds "11"]
[EventCountry "FRA"]
[EventCategory "13"]
[SourceTitle "CBM 091"]
[Source "ChessBase"]
[SourceDate "2002.11.12"]
[SourceVersion "1"]
[SourceVersionDate "2002.11.12"]
[SourceQuality "1"]

1. e4 e6 2. d4 d5 3. e5 c5 4. c3 Nc6 5. Nf3 Bd7 6. Be2 f6 7. O-O Qb6 (7... fxe5
8. Nxe5 Nxe5 9. dxe5 Bc6 $5 $13 {is more popular in modern practice.}) 8. dxc5
({New guru in this line - Aleksander Grischuk - successfully played in this
position} 8. Na3 $5 fxe5 9. dxe5 Nh6 10. c4 $1 d4 11. Bd3 Nf7 12. Re1 Be7 13.
h4 O-O-O 14. Nc2 $14 {1-0 Grischuk,A-Kolev,A/Istanbul olm 2000/EXT 2001 (29)})
8... Bxc5 9. b4 Be7 10. c4 $146 {New move, White didn't get to many
achievments after} (10. exf6 Bxf6 11. Be3 Qc7 12. Na3 Nge7 13. Nb5 Qb8 14. Bc5
O-O 15. Rc1 a6 16. Nbd4 e5 17. Nxc6 Bxc6 $11 {Sepp,O-Kotovuori,O/Vantaa 1998/1/
2-1/2 (43)}) ({or} 10. Bf4 fxe5 11. Nxe5 Nxe5 12. Bxe5 Bf6 $5 13. Qe1 $5 Bxe5
14. Bh5+ Ke7 15. Qxe5 Nf6 16. Nd2 Rhc8 $11 {Otero,D-Vilela,J/Colon 76/(263)
1999 (23)}) 10... dxc4 ({Perhaps Black should have considered} 10... Nxe5 $5
11. cxd5 Qxb4) 11. Na3 $5 Nxe5 (11... c3 12. Nc4 Qc7 13. Bf4 $36 {looks too
dangerous for Black, who must suffer just for one pawn.}) 12. Nxe5 fxe5 13.
Nxc4 Qxb4 14. a4 {[%cal Gc1a3] Just wasting time} ({Worth considering} 14. Nxe5
$5 Nf6 15. Bd3 $44 {[%cal Ga1b1] and White has long term compensation. Blacks
P-structure has been weakened and his development has been obstructed
seriously.}) 14... Nf6 15. Nxe5 ({Maybe Degraeve overlooked that after} 15. Ba3
Qxa4 16. Qxa4 (16. Qd2 $142 Bxa3 17. Rxa3 Qc6 18. Nd6+ Kf8 19. Rg3 $36) 16...
Bxa4 17. Bxe7 Kxe7 18. Rxa4 {Black have move} b5 $1) 15... Qd6 16. Nxd7 ({
Again after simple} 16. Bb2 $5 $44 {Black must play very carefully.}) 16...
Qxd1 17. Rxd1 Nxd7 18. Bb2 ({After} 18. Bb5 O-O-O 19. Bf4 Nc5 20. Rdc1 b6 $13 {
enough to mantain equality.}) 18... Bf6 19. Bb5 O-O-O ({Another good
possibility was} 19... Bxb2 20. Bxd7+ Ke7 21. Rab1 Be5 22. Rxb7 Rhb8 $11 {
with drawish ending.}) 20. Rac1+ Kb8 21. Bxd7 Bxb2 22. Rb1 Ba3 23. Bxe6 Rhe8
$11 {Ending is compleately equal, and game is very close to the end.} 24. Bd5
Re7 25. Rd3 b6 26. Kf1 Bc5 {Short, but interesting from theoretical point of
view game.} 1/2-1/2

[Event "USA-ch"]
[Site "San Diego"]
[Date "2004.11.24"]
[Round "1"]
[White "Shabalov, Alexander"]
[Black "Zatonskih, Anna"]
[Result "0-1"]
[WhiteElo "2608"]
[BlackElo "2440"]
[Annotator "Psakhis,L"]
[PlyCount "116"]
[EventDate "2004.11.24"]
[EventType "swiss"]
[EventRounds "9"]
[EventCountry "USA"]
[SourceTitle "CBM 105"]
[Source "ChessBase"]
[SourceDate "2005.04.11"]
[SourceVersion "1"]
[SourceVersionDate "2005.04.11"]
[SourceQuality "1"]

1. e4 e6 2. d4 d5 3. e5 c5 4. c3 Qb6 5. Nf3 Bd7 6. Bd3 cxd4 7. Nxd4 ({After} 7.
cxd4 {Black can swap the light-squared bishops in a more comfortable situation
-} Bb5) 7... Ne7 ({More popular is} 7... Nc6 8. Nxc6 {or} bxc6 (8... Bxc6 {
Grischuk - M.Gurevich Wijk aan Zee 2002}) 9. O-O Ne7 10. Qe2 Ng6 11. Kh1 Be7
12. f4 O-O 13. Nd2 f5 14. exf6 Rxf6 15. Nf3 Bd6 16. Be3 c5 17. g3 Qb7 18. b4
cxb4 19. Bd4 e5 20. fxe5 Re8 21. Ng5 Nxe5 {1-0 Timman,J-De Jong,M/Amsterdam
ACT op 2004/ (25)}) 8. O-O ({Nakamura against Volkov in Tripoli opted for the
"symmetrical"} 8. Nd2 {[%csl Ge5][%cal Gd2f3]} Nbc6 9. Nxc6 Nxc6 10. Qe2 Qc7
11. Nf3 h6 12. O-O g5 13. h3 Bg7 14. Re1 O-O-O 15. Be3 Kb8 16. Bd4 Nxd4 17.
Nxd4 h5 18. Rac1 g4 19. h4 f6 20. exf6 Bxf6 21. Nxe6 Bxe6 22. Qxe6 Bxh4 23. Qe5
Qxe5 24. Rxe5 g3 {1-0 Nakamura,H-Volkov,S/Wch KO Tripoli 2004/(73)}) 8... Nbc6
9. Nxc6 Nxc6 10. Qe2 {The variation is perhaps not the most ambitious but a
very solid choice. White gets a small advantage in a safe position.} h6 $146 (
10... Qc7 11. f4 Bc5+ 12. Kh1 O-O 13. Nd2 f5 14. b4 Bb6 15. a4 a6 16. Nb3 Ne7
17. Bd2 Rfc8 18. Rfc1 Be8 19. Be3 Bh5 20. Qf2 Bxe3 21. Qxe3 b6 22. a5 b5 23. h3
Qa7 24. Nc5 Rxc5 25. Qxc5 {1-0 Willemze,J-De Jong,M/Amsterdam ACT op 2004/(89)}
) ({In case of} 10... Be7 {Black should reckon with} 11. Qg4 {[%csl Rg7]}) (
10... g6 {was possible but h7-h6 is a useful advance moreover it allows Black
to keep the g7-g5 option.}) 11. b4 g6 12. Nd2 {[%csl Ge5][%cal Gd2f3]} Bg7 13.
Nf3 Qc7 14. Re1 Ne7 ({I don't think this retreat is essential.} 14... O-O {
is more comprehensible.} 15. h4) 15. Be3 (15. b5 $5 {[%cal Cc7c3,Gc1a3]} Qxc3
16. Bd2 Qc7 17. Bb4 $44) 15... O-O (15... b6 16. Rac1 {[%cal Gc3c4] followed
by c3-c4 with White's edge}) (15... Bxe5 16. Nxe5 Qxe5 17. Qd2 {[%cal Oe3h6,
Re3d4]} Qg7 18. Bc5 $44) 16. Qd2 (16. Bc5 $5 Rfe8 17. Rac1 {with cler
advantage of white.}) 16... Kh7 17. Bc5 Rfe8 18. h4 {[%cal Gh4h5][%mdl 128]} ({
The "mellow"} 18. Rac1 {is good as well}) 18... Qd8 ({The immediate} 18... b6 {
was more to the point.} 19. Bd6 Qb7 20. h5 Nf5 21. hxg6+ fxg6 22. Bxf5 exf5 23.
Nd4 $16 {[%csl Rd7]}) 19. h5 b6 ({If} 19... Nf5 20. g4 Nh4 21. Nd4 {[%csl Gd4,
Yh4] and the difference in the knights' positions is a visible sign of White's
advantage}) 20. Bxe7 (20. Bd6 $5 Nf5 21. hxg6+ fxg6 22. Bxf5 $36) 20... Rxe7
21. Qf4 ({Watching this position on-line I couldn't understand why didn't
White play simply} 21. hxg6+ fxg6 22. Nh4 Be8 23. Qc2 {After} Kg8 24. Bxg6 Rc7
25. Nf3 Rac8 (25... Bxg6 26. Qxg6 Qe8 27. Qg4 $1 Rxc3 $140 28. Nd4 {[%csl Re6]}
) 26. Re3 $16 {Black would not have sufficient compensation for the pawn...})
21... Be8 22. Nd4 (22. Qg4 $5 Rc8 23. Rac1 {[%cal Gf3h4] and black needs good
advice!}) 22... Rc8 {Black is successfully defending his weakness on g6.
However, White can bring more resources.} 23. Re3 $16 Kh8 24. hxg6 Rxc3 (24...
fxg6 25. Rc1 {[%csl Re6,Rg6]}) 25. gxf7 Bxf7 26. b5 {[%cal Gd4c6]} ({But} 26.
Nb5 $5 Rc6 27. Nd6 {was obviously better as it would have stood closer to the
enemy king}) (26. Rh3 Qf8 $8 27. Nb5 Rc6 28. Nd6 $16) 26... Rec7 27. Nc6 (27.
Rh3 $5 Qf8 28. a4 {and Black can't organized any counter play.}) 27... Qf8 28.
Rf3 Qa3 {Zatonskih decides that it is better to die standing than to live on
your knees!} 29. Rd1 $2 ({Correct was} 29. Qh4 {[%csl Gh5][%cal Gh4d8]} Rd7 30.
Rd1 {with initiative}) 29... Bh5 30. Rh3 ({After} 30. g4 Rf7 31. Qg3 Rxf3 32.
Qxf3 Bg6 {[%csl Rd3] White loses the bishop due to the pin.}) 30... Rf7 ({
Simpler is White's task in case of} 30... Bxd1 31. Rxh6+ Bxh6 32. Qxh6+ Kg8 33.
Qxe6+ {with perpetual , because black can't play} Rf7 34. Bh7+ $1 Kxh7 35.
Qxf7+ Kh6 36. Ne7 $18) {Here Shabalov made the last mistake, which rewarded
Anna's resourcefulness} 31. Qg3 $4 {[%mdl 8192]} ({White should have stuck to
the idea of taking on h6 -} 31. Qd2 $1 {[#]} Bxd1 32. Rxh6+ $1 Bxh6 ({or} 32...
Kg8 $2 33. Bh7+ Kh8 $1 ({Bad} 33... Kf8 34. Qg5 $1 Re7 (34... Bxh6 35. Qg8#)
35. Rf6+ Ke8 36. Rxe6 $1 Rxe6 37. Qd8+ Kf7 38. Qg8#) 34. Bg6+ Kg8 35. Bxf7+
Kxf7 36. Qf4+ Kg8 37. Rxe6 $1 $18) 33. Qxh6+ Kg8 34. Qg6+ Kf8 35. Qh6+ {
and it will be correct time for draw proposal.}) 31... Bxd1 32. Nd8 $6 (32. Qg6
$142 $5 Rxd3 33. Qxf7 Be2 $5 34. Ne7 $140 Qc1+ 35. Kh2 Rxh3+ 36. Kxh3 Qh1+ 37.
Kg3 Bxe5+ 38. f4 Bxf4+ 39. Qxf4 Qe1+ 40. Kh2 Kg7 $19) 32... Re7 33. Qg6 (33.
Nc6 Bc2 $19) 33... Rxd3 34. Rxh6+ ({If} 34. Rxd3 Qc1 ({not} 34... Bc2 $4 35.
Qxg7+) 35. Kh2 Bc2 {winning}) 34... Bxh6 35. Qxh6+ Kg8 36. Nxe6 ({In the event
of} 36. Qg6+ Rg7 37. Qxe6+ Kh7 38. Qf5+ Rg6 39. Qd7+ Kh8 40. Nf7+ Kg8 {the
king escapes from checks.}) 36... Rxe6 ({After} 36... Kf7 $1 {Anna could win
quicker.}) 37. Qxe6+ Kf8 38. Qf6+ Ke8 39. Qe6+ Kf8 40. Qf6+ Ke8 41. Qg6+ ({
Nothing change and} 41. Qe6+ $5 Kd8 42. Qg8+ Kd7 43. Qf7+ Qe7 44. Qf5+ Qe6 {
- leads to the game with different move order.}) 41... Kd8 42. Qg8+ Kd7 43.
Qf7+ (43. e6+ Kd6) 43... Qe7 44. Qf5+ Qe6 45. Qxd3 Bh5 {It's clear that Black
must win this endgame without too many technical problems.} 46. Qh7+ Bf7 47. f4
Qg6 48. Qh3+ (48. Qxg6 Bxg6 49. g4 Bd3 $19) 48... Be6 49. Qa3 Qb1+ 50. Kf2 (50.
Kh2 Qh7+ 51. Kg3 Ke8 $19) 50... Ke8 51. Qd6 (51. Qxa7 Qxb5) 51... Qc2+ 52. Kg3
Qf5 53. Qc6+ (53. Qb8+ Bc8 $1) 53... Kf7 54. Qb7+ Kg6 55. Qxa7 Qg4+ 56. Kh2
Qxf4+ 57. Kh1 Qh4+ 58. Kg1 Qe1+ {[%csl Re5]} 0-1